LEADER 01088nam a2200265 a 4500 001 991003929669707536 008 035 $ab14410850-39ule_inst 040 $aDip.to di Storia, Società e Studi sull'Uomo$bita 082 04$a324.24505 100 1 $aMillozzi, Michele$0541069 245 13$aUn repubblicano difficile :$bPiero Pergoli /$cMichele Millozzi ; presentazione di Raffaele Molinelli 250 $a2. ed. 260 $aAncona :$bIstituto per la storia del movimento democratico e repubblicano nelle Marche,$c1989 300 $a277 p. ;$c21 cm 490 0 $aStudi e ricerche ;$v3 600 14$aPergoli, Piero$xAttività [in] Politica 650 4$aPartito repubblicano italiano$xFonti 700 1 $aMolinelli, Raffaele 907 $a.b14410850$b07-04-21$c17-03-21 912 $a991003929669707536 945 $aLE023 Domus mazziniana 39$g1$i2023000191101$lle023$og$pE14.00$q-$rn$so $t0$u0$v0$w0$x0$y.i15954304$z17-03-21 996 $aRepubblicano difficile$91771735 997 $aUNISALENTO 998 $ale023$b17-03-21$cm$da $e-$fita$git $h0$i0 LEADER 01165nam0 22002651i 450 001 UON00338335 005 20231205104248.546 100 $a20091014d1969 |0itac50 ba 101 $apor 102 $aPT 105 $a|||| 1|||| 200 1 $a2° Simpósio de língua e literatura portuguesa: de 15 a 27 de Janeiro de 1968. Leodegário de Azevedo Filho ...[et al] 210 $aRio de Janeiro$cGernasa$d1969 215 $a89 p.$d21 cm. 606 $aLetteratura portoghese Congressi$3UONC047722$2FI 620 $aBR$dRio de Janeiro$3UONL001554 676 $a469$cLingua portoghese$v21 700 1$aAZEVEDO$bLeodegário A. : de$cfilho$3UONV180972$0698322 712 $aGernasa e Artes gráficas$3UONV274784$4650 801 $aIT$bSOL$c20251024$gRICA 899 $aSIBA - SISTEMA BIBLIOTECARIO DI ATENEO$2UONSI 912 $aUON00338335 950 $aSIBA - SISTEMA BIBLIOTECARIO DI ATENEO$dSI Port Ling II 0142 b $eSI SP 4811 5 0142 b 996 $a2° Simpósio de língua e literatura portuguesa: de 15 a 27 de Janeiro de 1968. Leodegário de Azevedo Filho ..$91363216 997 $aUNIOR